Vol. 78, № 23; Journal of the American Chemical Society

Opis bibliograficzny
Parent link:Journal of the American Chemical Society/ The American Chemical Society. Vol. 78, № 23.— , 1901-2000, 2007.— 0002-7863
Język:angielski
Wydane: 1956
Format: Książka
KOHA link:https://koha.lib.tpu.ru/cgi-bin/koha/opac-detail.pl?biblionumber=538196

MARC

LEADER 00000nam2a2200000 4500
001 538196
005 20231101114102.0
035 |a (RuTPU)RU\TPU\prd\227708 
035 |a RU\TPU\prd\227701 
090 |a 538196 
100 |a 20141210a19019999k y0engy50 ba 
101 0 |a eng 
102 |a GB 
200 0 |a Vol. 78, № 23 
210 |d 1956 
461 1 |0 (RuTPU)RU\TPU\prd\50  |x 0002-7863  |t Journal of the American Chemical Society  |v Vol. 78, № 23  |f The American Chemical Society  |d 1901-2000, 2007 
801 0 |a RU  |b 63413507  |c 20010227  |g PSBO 
801 1 |a RU  |b 63413507  |c 20080423  |g PSBO 
801 2 |a RU  |b 63413507  |c 20141210  |g PSBO 
942 |c BK 
999 |a НТБ_ТПУ  |b НФ  |e -14/20140209  |p П-293  |u 0  |v 1  |x 4969